00620nam a2200181Ia 4500008004100000020001500041041001200056082001600068100001700084245006900101260003500170300000800205650001900213700002000232942000700252999001500259952016400274221030s9999 xx 000 0 und d a8121908205 aEnglish a105.23bKan aP. Kandasamy 0aEngineering Mathematics Vol. Icby P. Kandasamy, K. Thilagavathy bS. Chand & CoaNew Delhic2001 a836 aBE Mathematics aK. Thilagavathy cBK c3085d3085 pBE 5025g150.00hIl0o105.23 Kanr2024-06-13 00:00:00w2022-10-30yBK003Print4071aMIETLIBbMIETLIBcBL-Second, FL-1, CUP-17, SH-1, R-1d2002-05-2110HBE